MARC

LEADER 00000nam0a2200000 4500
001 107528
005 20231031115321.0
035 |a (RuTPU)RU\TPU\book\116087 
090 |a 107528 
100 |a 20061225d1949 m y0rusy50 ca 
101 1 |a rus  |c eng 
102 |a RU 
105 |a a g 001zy 
200 1 |a Свойства металлов и сплавов  |e справочник  |e пер. с англ.  |f сост. Д. Л. Эвергарт 
210 |a Москва  |c Металлургиздат  |d 1949 
215 |a 895 с.  |c ил. 
320 |a Литература: с. 850-871. 
320 |a Предметный указатель: с. 872-895. 
610 1 |a свойства 
610 1 |a металлы 
610 1 |a сплавы 
610 1 |a алюминий 
610 1 |a алюминиевые сплавы 
610 1 |a медь 
610 1 |a медные сплавы 
610 1 |a железо 
610 1 |a сталь 
610 1 |a свинец 
610 1 |a свинцовые сплавы 
610 1 |a магний 
610 1 |a магниевые сплавы 
610 1 |a никель 
610 1 |a никелевые сплавы 
610 1 |a олово 
610 1 |a оловянные сплавы 
610 1 |a цинк 
610 1 |a цинковые сплавы 
610 1 |a справочники 
675 |a 669:53(035)  |v 3 
675 |a 669.018:53(035)  |v 3 
702 1 |a Эвергарт  |b Д. Л.  |4 220 
801 1 |a RU  |b 63413507  |c 20061225  |g PSBO 
801 2 |a RU  |b 63413507  |c 20071102  |g PSBO 
942 |c BK